| 000 | 00000nam 2200000zi 4500 |
| 001 | 9.946609 |
| 003 | CaOODSP |
| 005 | 20250122094421 |
| 006 | m o d f |
| 007 | cr bn||||||||| |
| 008 | 250108t19701970onc o f001 0 fre d |
| 040 | |aCaOODSP|bfre|erda|cCaOODSP |
| 043 | |an-cn--- |
| 086 | 1 |aNR24-84/1970F-PDF |
| 086 | 1 |aNR24-84/1970-1F-PDF |
| 245 | 00|aCode canadien pour la construction résidentielle (normes résidentielles) 1970 / |cpublié par le Comité associé sur le Code national du bâtiment, Conseil national de recherches du Canada. |
| 250 | |aPremière impression juillet 1971. |
| 264 | 1|aOttawa : |bConseil national de recherches du Canada, |cjuillet 1971. |
| 264 | 4|c©1970 |
| 300 | |a1 ressource en ligne (215 pages) + |erévisions (11 pages) |
| 336 | |atexte|btxt|2rdacontent/fre |
| 337 | |ainformatique|bc|2rdamedia/fre |
| 338 | |aressource en ligne|bcr|2rdacarrier/fre |
| 500 | |aPublié aussi en anglais sous le titre : Canadian Code for Residential Construction (residential standards) 1970. |
| 500 | |aÉdition numérisée de l’imprimé [par Conseil national de recherches Canada]. |
| 500 | |aRévisions publiées en novembre 1973. |
| 500 | |a« No de contrat GX2-1135-31040-2-0775. » |
| 500 | |aComprend un index. |
| 520 | |a« Le Code canadien pour la construction résidentielle, 1970, remplace les Normes résidentielles, Canada, 1965. Contrairement aux Normes résidentielles d'autrefois, ce document n'est pas un supplément au Code national du bâtiment (CNB) et il ne doit pas être utilisé pour réglementer la construction sous l'autorité du règlement municipal. Le document contient les exigences pour les bâtiments de destination résidentielle tirées de la Partie 9 du Code national du bâtiment 1970, et il inclut toutes les corrections et les révisions jusqu'au mois de juillet 1971, y compris les exigences additionnelles qui sont en dehors du champ d'application du Code national du bâtiment mais qui sont considérées nécessaires à la réglementation de la construction résidentielle sous la Loi nationale sur l'habitation. Pour en faciliter l'usage, les exigences basées sur la Partie 9 du CNB apparaissent en caractères gras, les exigences additionnelles apparaissent en caractères romains » -- Avant-propos. |
| 650 | 6|aConstruction|xDroit|zCanada|vCodes. |
| 650 | 6|aConstruction|xMatériaux|xNormes|zCanada. |
| 650 | 6|aHabitations|xConstruction|xNormes|zCanada. |
| 710 | 2 |aConseil national de recherches Canada. |bComité associé sur le Code national du bâtiment, |eorganisme de publication. |
| 775 | 08|tCanadian Code for Residential Construction (residential standards) 1970 / |w(CaOODSP)9.946545 |
| 794 | |tNormes de construction résidentielle Canada 1975 / |w(CaOODSP)9.946645 |
| 795 | |tNormes residentielles Canada 1965 : |w(CaOODSP)9.946750 |
| 856 | 40|qPDF|s12.4 Mo|uhttps://publications.gc.ca/collections/collection_2025/cnrc-nrc/NR24-84-1970-fra.pdf|zCode |
| 856 | 40|qPDF|s425 Ko|uhttps://publications.gc.ca/collections/collection_2025/cnrc-nrc/NR24-84-1970-1-fra.pdf|zRévisions |
| 986 | |aNRCC No 11562F |